000
00315 a2200109 4500
001
ART_39465
005
20260410161736.0
008
260409a
245
1
0
_a
Apertura de la economía
100
1
_a
Sturzenegger, Adolfo
773
0
_t
Ejecutivos de finanzas
_g
- Año 8, Nª 70 (oct. 1990)
_w
REV2863
999
_c
18311
_d
18311